| 000 | 01098nam a2200205 a 4500 | ||
|---|---|---|---|
| 001 | 000830864 | ||
| 003 | AM-YeHGA | ||
| 005 | 20250617144718.0 | ||
| 008 | 110913s1980 ru r 000 0 rus d | ||
| 040 | _aAM-YeHGA | ||
| 041 | 0 | _arus | |
| 245 | 0 | 0 |
_aДанные геофизических наблюдений Полярной геокосмофизической обсерватории Тикси : _bЯнварь-июнь 1976 года / _cАН СССР, Сиб. отд-ние, Якут. фил., Ин-т космофизических исслед. и аэрономии. |
| 260 |
_aЯкутск : _bЯкут. фил. СО АН СССР, _c1980. |
||
| 300 |
_a178 с. : _bил., табл. |
||
| 504 | _aБиблиогр.: с. 177 | ||
| 653 | 0 | _aГеофизические исследования - Якут. АССР | |
| 710 | 2 |
_aАкадемия наук СССР. _bСибирское отделение. _bЯкутский филиал |
|
| 710 | 2 | _aИнститут космофизических исследований и аэрономии СО АН СССР | |
| 090 | _c301149 | ||
| 999 |
_c299453 _d299453 |
||